| 000 | 00650nam a22002295i 4500 | ||
|---|---|---|---|
| 001 | 14168 | ||
| 003 | ES-MaACL | ||
| 005 | 20250523062555.0 | ||
| 007 | t| | ||
| 008 | 920302s1991 sp ||||0| spa j | ||
| 020 | _a84-85708-39-3 | ||
| 040 |
_aM-BN _bspa _cM-BN |
||
| 080 | _a398.8(082.2) | ||
| 245 | 0 | 0 |
_aRamo _b: de romances y baladas / _cAgustín García Calvo. |
| 260 |
_aZamora : _bLucina, _cD.L. 1991. |
||
| 300 |
_a250 p. ; _c19 cm. |
||
| 650 | 1 | 4 |
_aPoesías populares. _916241 |
| 700 | 1 |
_aGarcía Calvo, Agustín, _d1926-2012 _9233841 |
|
| 852 |
_aES-MaACL _jL-21435 _bR.126730 |
||
| 942 | _2udc | ||
| 999 |
_c14168 _d14168 |
||